| 000 | 00654nam a2200193 i 4500 | ||
|---|---|---|---|
| 001 | 184613 | ||
| 003 | ES-MaACL | ||
| 005 | 20230906222235.0 | ||
| 008 | 151027s1936 sp |||| | spa d | ||
| 100 | 1 |
_aZabala y Lera, Pío, _d1879-1968 _9117794 |
|
| 245 | 1 | 3 |
_aEl Padre Claret _b: retablos de una vida ejemplar / _cpor Pío Zabala. |
| 260 |
_aMadrid : _bLabor, _c1936. |
||
| 300 |
_a193 p. : _b7 lám. ; _c19 cm. |
||
| 490 | 1 |
_aColección Pro Ecclesia et Patria ; _v7 |
|
| 600 | 0 | 4 |
_aAntonio María Claret _cSanto. _921986 |
| 830 | 0 |
_aColección Pro Ecclesia et Patria ; _v7 _9192193 |
|
| 852 |
_aES-MaACL _jC-29140 |
||
| 999 |
_c184613 _d184613 |
||